000 01130nam a2200241Ia 4500
003 Ost
005 20260416102354.0
008 260416s9999||||xx |||||||||||||| ||und||
040 _cfsecg
041 _aara
082 _a613658.8
100 _aعمير، جيلالي
_eمؤلف
245 0 _aالتسويق الصحي /
_c جيلالي عمير
260 _aالجزائر
_bجامعة الجزائر3: كلية العلوم الإقتصادية، العلوم التجارية وعلوم التسيير
_c2019
300 _a62 ورقة
_bايضاحات
_c30 سم
504 _aمراجع ص.62
520 _aالتسويق الصحي، تحليل سلوك مستهلك الخدمة الصحية، عناصر المزيج التسويقي الصحي، خصوصية الخدمة الصحية و قياسها، جودة الخدمات الصحية
653 _aالتسويق
653 _aالصحة
653 _aالصحة-تسويق
710 _aجامعة الجزائر3: كلية العلوم الإقتصادية، العلوم التجارية وعلوم التسيير
_eناشر علمي
942 _cHANDOUT
999 _c41119
_d41119